000 01061nam a22003017a 4500
003 EG-GICUC
005 20260203171540.0
008 251123s1978 ua |||fr|||| 000 0 ara d
017 _a1978/3481
020 _a7304005
040 _a EG-GICUC
_bara
_c EG-GICUC
_d EG-GICUC
_erda
041 0 _aara
082 0 4 _221
_a345.42
_bع م . إ
092 0 4 _221
099 _aLaw1 07 345.42 ع م . إ 1978
100 1 _aعمرو وصفي عقيلى
_eمؤلف.
245 1 0 _aإستقطاب واختيار موظفي الخدمة العامة بالدول النامية /
_cعمرو وصفي عقيلى.
264 1 _aالقاهرة :
_bالمنظمة العربية للعلوم الإدارية،
_c[1978].
300 _a75 ؛ صفحة
_c24 سم.
336 _2rda content
_atext
337 _2rda media
_aComputer
338 _2rda carrier
_aOnline Resource
650 1 4 _aطرق اختيار الموظف العام
_2qrmak
651 1 _2qrmak
856 4 0 _uhttps://fll.law.cu.edu.eg/fulltext/bks/B07-00071.pdf
905 _a78
942 _2ddc
_cBK
_e21
_n0
999 _c45333
_d45333